MARC details
| 000 -CABECERA |
| campo de control de longitud fija |
01423nam a2200265 a 4500 |
| 001 - NÚMERO DE CONTROL |
| campo de control |
000000031 |
| 005 - FECHA Y HORA DE LA ÚLTIMA TRANSACCIÓN |
| campo de control |
20200929145301.0 |
| 008 - DATOS DE LONGITUD FIJA--INFORMACIÓN GENERAL |
| campo de control de longitud fija |
081127s2004 dr a r 001 0 spa d |
| 020 ## - NÚMERO INTERNACIONAL ESTÁNDAR DEL LIBRO |
| Número Internacional Estándar del Libro |
999345902X |
| 020 ## - NÚMERO INTERNACIONAL ESTÁNDAR DEL LIBRO |
| Número Internacional Estándar del Libro |
9789993459026 |
| 040 ## - FUENTE DE LA CATALOGACIÓN |
| Centro catalogador/agencia de origen |
DO-SdBNP |
| Lengua de catalogación |
spa |
| Centro/agencia transcriptor |
BNPHU |
| 082 ## - NÚMERO DE LA CLASIFICACIÓN DECIMAL DEWEY |
| Número de clasificación |
630.7 |
| Número de documento/Ítem |
T828a |
| 100 1# - ENTRADA PRINCIPAL--NOMBRE DE PERSONA |
| Nombre de persona |
Trigo, Eduardo J. |
| 9 (RLIN) |
125 |
| 245 10 - MENCIÓN DE TÍTULO |
| Título |
Análisis del Sistema Nacional de Investigaciones Agropecuarias y Forestales de la República Dominicana (SINIAF) / |
| Mención de responsabilidad, etc. |
Eduardo J. Trigo, David Hansen, Jorge Ardila. |
| 260 ## - PUBLICACIÓN, DISTRIBUCIÓN, ETC. |
| Lugar de publicación, distribución, etc. |
Santo Domingo : |
| Nombre del editor, distribuidor, etc. |
CEDAF, |
| Fecha de publicación, distribución, etc. |
2004. |
| 300 ## - DESCRIPCIÓN FÍSICA |
| Extensión |
40 p. : |
| Otras características físicas |
il. ; |
| Dimensiones |
26 cm. |
| 505 0# - NOTA DE CONTENIDO CON FORMATO |
| Título |
Análisis del Sistema Nacional de Investigaciones Agropecuarias y Forestales de la República Dominicana (SINIAF) -- |
| -- |
Introducción -- |
| -- |
El punto de partida y la situación actual -- |
| -- |
Hacia una agenda para el continuado desarrollo del sistema -- |
| -- |
Algunas recomendaciones generales para la acción inmediata -- |
| -- |
Sugerencias para el futuro accionar del CEDAF en la continuación de su apoyo al desarrollo y consolidación del SINIAF -- |
| -- |
Anexos. |
| 590 ## - NOTA LOCAL (RLIN) |
| Nota local |
Inventariado,2018/DG |
| 650 #4 - PUNTO DE ACCESO ADICIONAL DE MATERIA--TÉRMINO DE MATERIA |
| Término de materia o nombre geográfico como elemento de entrada |
Investigación agrícola |
| Subdivisión geográfica |
República Dominicana |
| 9 (RLIN) |
126 |
| 650 #4 - PUNTO DE ACCESO ADICIONAL DE MATERIA--TÉRMINO DE MATERIA |
| Término de materia o nombre geográfico como elemento de entrada |
Agricultura |
| Subdivisión general |
Innovaciones tecnológicas |
| 9 (RLIN) |
127 |
| 700 1# - PUNTO DE ACCESO ADICIONAL--NOMBRE DE PERSONA |
| Nombre de persona |
Hansen, David |
| 9 (RLIN) |
128 |
| 700 1# - PUNTO DE ACCESO ADICIONAL--NOMBRE DE PERSONA |
| Nombre de persona |
Ardila, Jorge |
| 9 (RLIN) |
129 |
| 710 2# - PUNTO DE ACCESO ADICIONAL--NOMBRE DE ENTIDAD CORPORATIVA |
| Nombre de entidad corporativa o nombre de jurisdicción como elemento de entrada |
Centro para el Desarrollo Agropecuario y Forestal (República Dominicana) |
| 9 (RLIN) |
130 |
| 910 ## - DATOS DE OPCIÓN DEL USUARIO (OCLC) |
| Datos de opción del usuario |
Validado. Control de calidad MMOLINA |